| 000 | 00697nam a2200205 i 4500 | ||
|---|---|---|---|
| 001 | bgj | ||
| 100 | 1 | _aWOODWORTH, Steven E. | |
| 245 | 1 | 0 |
_aThe Essentials of United States History : _bwestward expansion and Civil War 1841 to 1877 / _cSteven E. Woodworth. |
| 260 |
_aPiscataway, NJ : _bResearch and Education Association, _cc. 1990. |
||
| 300 |
_aVIII, 81 pp : _bmaps ; _c21 cm. |
||
| 651 | 9 |
_aUnited States _xHistory _y1841-1877 |
|
| 651 | 9 |
_aUnited States _xTeritorial expansion _xHistory _y19th century |
|
| 655 | _aOutlines, syllabi, etc. | ||
| 020 | _a0878917144 | ||
| 040 | _cBPK | ||
| 041 | 0 | _aeng | |
| 920 | _a0-87891-714-4 | ||
| 942 | _cKS | ||
| 008 | s uk f |000 0 eng | ||
| 999 |
_c47861 _d47861 |
||
| 856 |
_uhttp://koha.tu.koszalin.pl/cgi-bin/koha/opac-detail.pl?biblionumber=47861 _yKatalog online BPK |
||